মরু কিশোরী / (Record no. 41359)
[ view plain ]
| 000 -LEADER | |
|---|---|
| fixed length control field | 00935nam a2200241 a 4500 |
| 001 - CONTROL NUMBER | |
| control field | 41359 |
| 003 - CONTROL NUMBER IDENTIFIER | |
| rucl marc code | BD-RjUL |
| 005 - DATE AND TIME OF LATEST TRANSACTION | |
| control field | 20211209053355.0 |
| 008 - FIXED-LENGTH DATA ELEMENTS--GENERAL INFORMATION | |
| fixed length control field | 160529s1963 bg ||||| |||| 00| 0dben d |
| 020 ## - INTERNATIONAL STANDARD BOOK NUMBER | |
| Terms of availability | : Tk. 1.50 |
| 035 ## - SYSTEM CONTROL NUMBER | |
| System control number | (BD-RjUL) 41476 |
| 040 ## - CATALOGING SOURCE | |
| Original cataloging agency | BD-RjUL |
| Language of cataloging | ben |
| Transcribing agency | BD-RjUL |
| 041 ## - LANGUAGE CODE | |
| Language code of text/sound track or separate title | ben |
| 082 ## - DEWEY DECIMAL CLASSIFICATION NUMBER | |
| Edition number | 23 |
| Classification number | 297.9924 |
| Author mark and year | AZM 1963 |
| 100 1# - MAIN ENTRY--PERSONAL NAME | |
| Personal name | আজাদ, আবুল কালাম |
| 9 (RLIN) | 127173 |
| 245 10 - TITLE STATEMENT | |
| Title | মরু কিশোরী / |
| Statement of responsibility, etc. | আবুল কালাম আজাদ ; অনুবাদক, নূরুদ্দীন আহমদ |
| 260 ## - PUBLICATION, DISTRIBUTION, ETC. (IMPRINT) | |
| Place of publication, distribution, etc. | ঢাকা : |
| Name of publisher, distributor, etc. | লতীফ বুক করপোরেশন, |
| Date of publication, distribution, etc. | ১৯৬৩ (হিজরী ১৩৮৩) |
| 300 ## - PHYSICAL DESCRIPTION | |
| Pagination | ১০৪ পৃ. ; |
| Size | ১৯ সেমি. |
| 650 ## - SUBJECT ADDED ENTRY--TOPICAL TERM | |
| Topical term or geographic name as entry element | খলিফা |
| 9 (RLIN) | 125058 |
| Topical term or geographic name as entry element | Muslim Saints |
| 9 (RLIN) | 118406 |
| 700 ## - ADDED ENTRY--PERSONAL NAME | |
| Personal name | আহমদ, নূরুদ্দীন, অনুবাদক, |
| 942 ## - ADDED ENTRY ELEMENTS (KOHA) | |
| Source of classification or shelving scheme | Dewey Decimal Classification |
| Koha item type | Books |
| Lost status | Source of classification or shelving scheme | Damaged status | Not for loan | Collection code | Permanent Location | Current Location | Shelving location | Date acquired | Source of acquisition | Cost, normal purchase price | Total Checkouts | Full call number | Date last seen | Date checked out | Copy number | Koha item type |
|---|---|---|---|---|---|---|---|---|---|---|---|---|---|---|---|---|
| Dewey Decimal Classification | Non-fiction | Central Library, University of Rajshahi | Central Library, University of Rajshahi | 27/02/1967 | Farooq Library, Rajshahi | 1.50 | 1 | B 297.9924 AZM 1963 | 01/04/2018 | 20/03/2018 | C-2 | Books |